Loading...
| Science - Physics | 0 | 6 | 1 | 0 | 55 | 62 | 87.67 | 0 | 2 | 14.33 | 31.88 |
| History - American | 0 | 5 | 0 | 1 | 50 | 58 | 84.20 | 0 | 2 | 15.14 | 23.54 |
| History - European | 0 | 4 | 0 | 3 | 40 | 96 | 111.50 | 0 | 0 | 3.15 | 7.23 |
| Social Science | 0 | 4 | 0 | 1 | 40 | 56 | 82.75 | 0 | 2 | 10.16 | 23.37 |
| Science - Other | 0 | 5 | 3 | 2 | 35 | 56 | 89.80 | 0 | 2 | 11.15 | 25.82 |
| Science - Chemistry | 0 | 4 | 2 | 0 | 30 | 46 | 64.00 | 1 | 4 | 14.82 | 30.48 |
| Fine Arts - Painting and Sculpture | 0 | 3 | 0 | 1 | 30 | 70 | 103.00 | 0 | 2 | 5.36 | 15.15 |
| Science - Biology | 0 | 2 | 0 | 0 | 20 | 41 | 51.00 | 1 | 2 | 9.66 | 16.08 |
| History - World | 0 | 1 | 0 | 0 | 10 | 89 | 89.00 | 0 | 0 | 2.23 | 4.55 |
| History - Other | 0 | 1 | 0 | 1 | 10 | 122 | 122.00 | 0 | 0 | 0.00 | 0.76 |
| Literature - European | 0 | 1 | 0 | 0 | 10 | 110 | 110.00 | 0 | 0 | 2.00 | 6.29 |
| Geography | 0 | 1 | 0 | 0 | 10 | 49 | 49.00 | 0 | 1 | 31.01 | 46.15 |
| Fine Arts - Other | 0 | 1 | 0 | 1 | 10 | 130 | 130.00 | 0 | 0 | 0.00 | 1.52 |
| Literature - American | 0 | 1 | 1 | 1 | 5 | 141 | 141.00 | 0 | 0 | 0.00 | 0.76 |
| Religion | 0 | 0 | 1 | 0 | -5 | 0.00 | 0 | 0 | 0.00 | 0.00 | |
| Current Events | 0 | 0 | 1 | 0 | -5 | 0.00 | 0 | 0 | 0.00 | 0.00 |